| 000 | 01353nab a22003257a 4500 | ||
|---|---|---|---|
| 999 |
_c6532 _d6532 |
||
| 003 | OSt | ||
| 005 | 20260223101831.0 | ||
| 008 | 190506c xxu||||| |||| 00| 0 spa d | ||
| 040 | _cPJ | ||
| 100 |
_91439 _aGrisolia, Julio Armando |
||
| 245 | 1 | 0 |
_aUna nueva realidad. Un cambio de paradigma / _cJulio Armando Grisolia. |
| 260 |
_aBuenos Aires : _bAbeledoPerrot, _c2024. |
||
| 300 | _ap. 3-6 | ||
| 500 | _aCita: TR LALEY AR/DOC/136/2024. | ||
| 505 | _aSumario: I. Nuevo escenario de las relaciones laborales. Transformación digital y teletrabajo.— II. Modernización de los marcos normativos. Una nueva forma de proteger.— III. Desafíos del derecho laboral en tiempos de cambios. | ||
| 505 | _t¿Te interesa el texto completo? Comunicate al correo: koha@justierradelfuego.gov.ar | ||
| 650 | 0 |
_91316 _aDERECHO LABORAL |
|
| 650 | 0 |
_9289 _aTECNOLOGIA DE LA INFORMACION |
|
| 650 | 0 |
_96081 _aCIENCIA Y TECNOLOGÍA |
|
| 650 | 0 |
_95233 _aPANDEMIA |
|
| 650 | 0 |
_92 _aINFORMÁTICA |
|
| 650 | 0 |
_95817 _aINTELIGENCIA ARTIFICIAL |
|
| 650 | 0 |
_9273 _aDERECHO INFORMATICO |
|
| 650 | 0 |
_9281 _aINTERNET |
|
| 650 | 0 |
_9290 _aSOFTWARE |
|
| 650 | 0 |
_94439 _aTELETRABAJO |
|
| 650 | 0 |
_91323 _aCONTRATO DE TRABAJO |
|
| 773 | 0 |
_02751 _93202 _dBuenos Aires : AbeledoPerrot, 2013- _tRevista de derecho laboral y seguridad social. Nº 5 - Marzo 2024 |
|
| 942 |
_2udc _cANA |
||